000 01955nab a2200265 i 4500
003 BR-BrBNA
005 20241126083435.0
008 241126b2010 bl.qr|pooa||| 00| 0 por |
040 _aBR-BrBNA
_bpor
072 _aF70
100 _aHemsing, Paula Katiane Boesing
100 _aRomero, Rosana
245 _aChrysobalanaceae do Parque Nacional da Serra da Canastra, Minas Gerais, Brasil
500 _aPublicação on-line; 27 ref.; 3 illus.; Summaries (En, Pt)
520 _a Resumo O Parque Nacional da Serra da Canastra está localizado na porção sudoeste do estado de Minas Gerais, Região Sudeste do Brasil. Na área, Chrysobalanaceae está representada por Couepia grandiflora, Hirtella glandulosa, H. gracilipes, Licania humilis e Parinari obtusifolia. O tratamento da família para o Parque apresenta chave de identificação, descrições, ilustrações, dados de distribuição geográfica e comentários sobre as espécies. Palavras-chave: campo rupestre, cerrado, florística, unidades de conservação.
520 _a Abstract Serra da Canastra National Park is located in southwestern Minas Gerais, Southeast Brazil. In the Park, Chrysobalanaceae is represented by Couepia grandiflora, Hirtella glandulosa, H. gracilipes, Licania humilis, and Parinari obtusifolia. A key to the species, descriptions, illustrations, distribution data, and comments about the taxa are provided. Key words: campo rupestre, cerrado, floristics, conservation units.
650 _aCAMPO
650 _aCERRADO
650 _aCOMPOSIÇÃO BOTÂNICA
650 _aUNIDADE DE CONSERVAÇÃO
773 0 _0709
_9346668
_dRio de Janeiro-RJ Jardim Botanico do Rio de Janeiro 1935
_o2024-7379
_tRodriguésia (Brazil)
_x0370-6583; 2175-7860 on-line
_gv. 61(2) p. 281-288; (2010)
_wBR2024003667
856 _uhttps://www.scielo.br/j/rod/a/wMR949tjRR8ZkTwDhD8H34w/?format=pdf&lang=pt
942 _cANA
999 _c328817
_d328817